Statistics for David Bowie Song Titles: Picture Clues

Click here to take the quiz!

General Stats

  • This quiz has been taken 169 times
  • The average score is 8 of 16

Answer Stats

Answer% Correct
China Girl
88%
Life On Mars
88%
Let's Dance
75%
Andy Warhol
74%
Suffragette City
71%
Fashion
67%
The Laughing Gnome
59%
DJ
55%
1984 or Big Brother
48%
Drive-In Saturday
48%
Boys Keep Swinging
43%
Warszawa (Warsaw)
40%
Wild Is The Wind
29%
Be My Wife
21%
Kooks
11%
Sorrow
9%

Score Distribution

Percentile by Number Answered

Percent of People with Each Score

Your Score History

You have not taken this quiz